000 00506nam a22001932 4500
001 0000009806
005 20151217160123.0
008 081130s xx 000 0 eng d
020 _a0529055171 :
040 _aKABU
_cKABU
100 1 _aYolen, Jane.
_@0000161578
245 1 0 _aDream weaver /
_cJane Yolen.
250 _a1st ed.
260 _aNew York :
_bW. Collins,
_c1979.
300 _a80 p.
852 1 _9p500 KES
908 _a081130
950 _@1
999 _c14568
_d14568